| 000 | 00494nam a2200121Ia 4500 | ||
|---|---|---|---|
| 008 | 180412s9999||||xx |||||||||||||| ||und|| | ||
| 020 | _a806711019 | ||
| 040 | _aAhmadu Bello University Library - Zaria | ||
| 100 | _aLIPPERT, Herbert | ||
| 245 | 0 |
_aSI units in medicine; an introduction to the international system of units with conversation tables and normal ranges. _cHerbert Lippert, Peter Lehmann |
|
| 260 |
_bSchwarzenberg. Inco.; Baltimore. _c1978 |
||
| 300 | _aviii, 211p. | ||
| 600 | _aChemistry.Cases. Reference books. | ||
| 999 |
_c2073 _d2073 |
||